Megarikové : zlomky /

Další autoři: Kurzová, Helena, 1936-
Jazyk: Řečtina, starověká (do 1453)
Latina
Čeština
Vydáno: Praha : OIKOYMENH, 2007
Vydání: 1. vyd.
Edice: Knihovna antické tradice
Témata:
Externí odkaz: Digitalizovaný dokument
Fyzický popis: 330 s. ; 22 cm
Language note: Část. souběžný řecký a latinský text
Knihy
Uloženo v:
LEADER 02302nam a2200625 a 4500
001 nkc20071757176
003 CZ PrNK
005 20121220110204.0
007 ta
008 071003s2007 xr f 001 0 cze
015 |a cnb001757176 
020 |a 978-80-7298-138-0  |q (váz.) 
035 |a (OCoLC)237189431 
040 |a ABA001  |b cze 
041 1 |a cze  |a grc  |a lat  |h grc  |h lat 
043 |a e-gr--- 
072 7 |a 14(3)  |x Antická, starověká filozofie  |2 Konspekt  |9 5 
080 |a 14(38)  |2 MRF 
080 |a 165  |2 MRF 
080 |a 16  |2 MRF 
080 |a 81:1  |2 MRF 
080 |a (38)  |2 MRF 
080 |a (093)  |2 MRF 
080 |a (082)  |2 MRF 
245 0 0 |a Megarikové :  |b zlomky /  |c uspořádala a přeložila Helena Kurzová 
246 3 0 |a Zlomky - megarikové 
250 |a 1. vyd. 
260 |a Praha :  |b OIKOYMENH,  |c 2007 
300 |a 330 s. ;  |c 22 cm 
490 1 |a Knihovna antické tradice ;  |v sv. 5 
504 |a Obsahuje bibliografii, bibliografické odkazy a rejstřík 
546 |a Část. souběžný řecký a latinský text 
650 0 7 |a megarská škola  |7 ph419651  |2 czenas 
650 0 7 |a řecká antická filozofie  |7 ph128248  |2 czenas 
650 0 7 |a teorie poznání  |7 ph116428  |z starověké Řecko  |2 czenas 
650 0 7 |a logika  |7 ph122436  |z starověké Řecko  |2 czenas 
650 0 7 |a filozofie jazyka  |7 ph114543  |z starověké Řecko  |2 czenas 
650 0 9 |a Megarian school  |2 eczenas 
650 0 9 |a Greek philosophy (ancient)  |2 eczenas 
650 0 9 |a theory of knowledge  |z Greece  |2 eczenas 
650 0 9 |a logic  |z Greece  |2 eczenas 
650 0 9 |a philosophy of language  |z Greece  |2 eczenas 
655 7 |a prameny  |7 fd131865  |2 czenas 
655 7 |a sborníky  |7 fd163935  |2 czenas 
655 9 |a sources  |2 eczenas 
655 9 |a miscellanea  |2 eczenas 
700 1 |a Kurzová, Helena,  |d 1936-  |7 jk01071028  |4 com  |4 trl 
830 0 |a Knihovna antické tradice  |0 s 
856 4 1 |u http://www.digitalniknihovna.cz/mzk/uuid/uuid:d0ad1a00-d1d4-11ec-8264-005056827e51  |y Digitalizovaný dokument  |x NDK 
910 2 |a BOA001  |b 2-1207.201 
990 |a BK 
995 |a 01 
991 |b 200806  |c NOV 
996 6 |b 2610346428  |c 2-1207.201  |l MZK  |r Sklad / do 1 hodiny  |n 1  |p p.v.  |w 001065627  |u 000010  |a 1  |e BOA001  |j MZK50  |s P 
996 7 |b 2610531199  |c 2-1207.201  |l MZK  |r Sklad / do 1 hodiny  |n 5  |p kup  |w 001065627  |u 000020  |a 1  |e BOA001  |j MZK50  |s A